000 00442cam a2200169ua 4500
003 OSt
005 20260202161229.0
008 260202b |||||||| |||| 00| 0 eng d
041 _aeng
082 _a712
_bIND/GL
100 _a, .
_97855
245 0 0 _aGlossary of terms applicable to landscape and horticulture work /
250 _a1 /
260 _aNew Delhi :
_bIndian standards institution ,
_c1981.
300 _a15 ; .
942 _cBK
999 _c9895
_d9895